| 000 | 00525nam a22001817a 4500 | ||
|---|---|---|---|
| 008 | 230705b |||||||| |||| 00| 0 eng d | ||
| 020 | _a9788126711321 | ||
| 040 |
_aNational Science Library _cNational Science Library |
||
| 080 |
_a82-32SHU _bQ5 |
||
| 100 | _aShukla, Shrilal | ||
| 245 | _aख़बरों की जुगाली | ||
| 246 | _aKhabrom ki jugali | ||
| 260 |
_aNew Delhi: _bRajkamal Prakashan, _c2015 |
||
| 300 | _a147p. | ||
| 365 |
_b300.00 _cINR |
||
| 650 | _aHindi literature | ||
| 942 |
_2udc _cHBK |
||
| 999 |
_c49649 _d49649 |
||